MotoGP - Tous les pilotes Ducati Corse (2003-2026) - Statistiques

Statistiques générales
  • Ce quiz a été pris 21 fois
  • Le résultat moyen est 46 sur 65
Statistiques - réponses
Année Pilote % Correct
2025 Marc Marquez
100%
2026 Marc Marquez
100%
2013 Andrea Dovizioso
94%
2014 Andrea Dovizioso
94%
2015 Andrea Dovizioso
94%
2016 Andrea Dovizioso
94%
2017 Andrea Dovizioso
94%
2018 Andrea Dovizioso
94%
2019 Andrea Dovizioso
94%
2020 Andrea Dovizioso
94%
2021 Francesco Bagnaia
94%
2022 Francesco Bagnaia
94%
2023 Francesco Bagnaia
94%
2024 Francesco Bagnaia
94%
2025 Francesco Bagnaia
94%
2026 Francesco Bagnaia
94%
2011 Valentino Rossi
94%
2012 Valentino Rossi
94%
2017 Jorge Lorenzo
82%
2018 Jorge Lorenzo
82%
2014 Michelle Pirro
82%
2015 Michelle Pirro
82%
2016 Michelle Pirro
82%
2017 Michelle Pirro
82%
2018 Michelle Pirro
82%
2019 Michelle Pirro
82%
2021 Michelle Pirro
82%
2023 Michelle Pirro
82%
2025 Michelle Pirro
82%
2007 Casey Stoner
76%
2008 Casey Stoner
76%
2009 Casey Stoner
76%
2010 Casey Stoner
76%
2009 Nicky Hayden
76%
2010 Nicky Hayden
76%
2011 Nicky Hayden
76%
2012 Nicky Hayden
76%
2013 Nicky Hayden
76%
2019 Danilo Petrucci
71%
2020 Danilo Petrucci
71%
2023 Danilo Petrucci
71%
2023 Enea Bastianini
71%
2024 Enea Bastianini
71%
2021 Jack Miller
71%
2022 Jack Miller
71%
2015 Andrea Iannone
65%
2016 Andrea Iannone
65%
2003 Loris Capirossi
65%
2004 Loris Capirossi
65%
2005 Loris Capirossi
65%
2006 Loris Capirossi
65%
2007 Loris Capirossi
65%
2003 Troy Bayliss
47%
2004 Troy Bayliss
47%
2006 Troy Bayliss
47%
2025 Nicolò Bulega
41%
2014 Cal Crutchlow
35%
2008 Marco Melandri
35%
2018 Alvaro Bautista
24%
2005 Carlos Checa
24%
2006 Sete Gibernau
18%
2006 Alex Hoffman
12%
2009 Mika Kallio
12%
2016 Hector Barbera
6%
2005 Shinichi Ito
6%
Aucun quiz correspondant
Distribution des résultats
% des personnes avec chaque résultat
Percentile par nombre de réponses
Votre historique - résultats
Vous n’avez pas pris ce quiz